The Economics of Volunteer Labor Supply : (Record no. 609248)

MARC details
000 -LEADER
fixed length control field 00536nam a2200193 a 4500
001 - CONTROL NUMBER
control field 1769511817029
003 - CONTROL NUMBER IDENTIFIER
control field YourLibrary
005 - DATE AND TIME OF LATEST TRANSACTION
control field 20260127164609.0
008 - FIXED-LENGTH DATA ELEMENTS--GENERAL INFORMATION
fixed length control field 260127s2003##################000#0#eng##
020 ## - INTERNATIONAL STANDARD BOOK NUMBER
International Standard Book Number 9783631513897
082 04 - DEWEY DECIMAL CLASSIFICATION NUMBER
Classification number 331.10951
Item number ZIE
040 ## - CATALOGING SOURCE
Original cataloging agency YourLibrary
Language of cataloging eng
Transcribing agency YourLibrary
100 1# - MAIN ENTRY--PERSONAL NAME
Personal name Ziemek, Susanne,
Relator term author.
245 10 - TITLE STATEMENT
Title The Economics of Volunteer Labor Supply :
260 ## - PUBLICATION, DISTRIBUTION, ETC.
Name of publisher, distributor, etc. Peter Lang Pub Incorporated,
Date of publication, distribution, etc. 2003.
300 ## - PHYSICAL DESCRIPTION
Extent 229 pages
650 #0 - SUBJECT ADDED ENTRY--TOPICAL TERM
Topical term or geographic name entry element Business & Economics.
942 ## - ADDED ENTRY ELEMENTS (KOHA)
Koha item type English Books
Holdings
Withdrawn status Lost status Damaged status Not for loan Home library Current library Shelving location Date acquired Total Checkouts Full call number Barcode Date last seen Price effective from Koha item type
        Anna Centenary Library Anna Centenary Library 4TH FLOOR, A WING 27.01.2026   331.10951 ZIE 216778 27.01.2026 27.01.2026 English Books

Find us on the map